Introduction to Personality / Fourth Edition (Record no. 207)
[ view plain ]
| 000 -LEADER | |
|---|---|
| fixed length control field | 01376cam a22002174a 4500 |
| 005 - ΗΜΕΡΟΜΗΝΙΑ ΚΑΙ ΩΡΑ ΤΕΛΕΥΤΑΙΑΣ ΕΝΗΜΕΡΩΣΗΣ | |
| Πεδίο ελέγχου | 20250605163928.0 |
| 008 - FIXED-LENGTH DATA ELEMENTS--GENERAL INFORMATION | |
| Πεδίο ελέγχου σταθερού μήκους | 250528s ||||||||||||||||||||||||d |
| 035 ## - SYSTEM CONTROL NUMBER | |
| System control number | 14583 |
| 020 ## - ISBN | |
| ISBN | 673994562 |
| 040 ## - ΠΗΓΗ ΚΑΤΑΛΟΓΟΓΡΑΦΗΣΗΣ | |
| Φορέας πρωτότυπης καταλογογράφησης | MC Athens Campus Library |
| Γλώσσα καταλογογράφησης | Ελληνικά, Μοντέρνα (1453-) |
| Modifying agency | MC Athens Campus Library |
| Κανόνες περιγραφικής καταλογογράφησης | AACR2 |
| 245 1# - ΤΙΤΛΟΣ ΚΑΙ ΔΗΛΩΣΗ ΥΠΕΥΘΥΝΟΤΗΤΑΣ | |
| Τίτλος | Introduction to Personality / Fourth Edition |
| 250 ## - EDITION STATEMENT | |
| Edition statement | 4th |
| 260 ## - PUBLICATION, DISTRIBUTION, ETC. | |
| Name of publisher, distributor, etc. | Longman, |
| Date of publication, distribution, etc. | 1997 |
| 300 ## - PHYSICAL DESCRIPTION | |
| Extent | 720 |
| 520 ## - SUMMARY, ETC. | |
| Summary, etc. | Preface, An Introduction to the Study of Personality, Introduction to Personality, The Tools of Understanding, Theories of Personality, Psychoanalytic Theory: The Freudian Revolution and Dissent and Revision, Psychoanalytic Theory: Research and Assessment and Evaluation, Biological Influences: Behavior Genetics and Evolution and Physiology, Biological Influences: Research and Summary Evaluation, The Behavioral Tradition, Behaviorism: Therapy and Assessment and Summary Evaluation, Social Learning Theory, Trait Theory: Personality Dispositions and Personality Description, Traits: Assessment and Research and Summary Evaluation, Applications of Personality Theory and Research, Personality and Anxiety and Stress and Health, Personality and Occupations and the Workplace, Personality and Gender Differences, Glossary, References, Author and Subject Index. |
| 700 1# - ΠΡΟΣΘΕΤΗ ΑΝΑΓΡΑΦΗ--ΦΥΣΙΚΟ ΠΡΟΣΩΠΟ | |
| Personal name | Chaplin William F |
| 9 (RLIN) | 298 |
| 700 1# - ΠΡΟΣΘΕΤΗ ΑΝΑΓΡΑΦΗ--ΦΥΣΙΚΟ ΠΡΟΣΩΠΟ | |
| Personal name | Phares Jerry E |
| 9 (RLIN) | 299 |
| 942 ## - ADDED ENTRY ELEMENTS (KOHA) | |
| Koha item type | Books |
| Τύπος τεκμηρίου | Βιβλιοθήκη | Τρέχουσα τοποθεσία | Barcode | Αριθμός εισαγωγής | Ημερομηνία απόκτησης | Ταξιθετικό σύμβολο | Αριθμός αντιτύπου | Κατάσταση απόσυρσης | Κατάσταση χαμένου | Κατάσταση κατεστραμμένου | Μη δανεισμός | Σύνολο δανεισμών | Ημερομηνία τελευταίας εμφάνισης | Η τιμή ισχύει από |
|---|---|---|---|---|---|---|---|---|---|---|---|---|---|---|
| Books | MC Athens Campus Library | MC Athens Campus Library | 9780000002068 | 244 | 05/06/2025 | 155.2 PHA | 2 | 05/06/2025 | 05/06/2025 |